[Event "Copper State Int B"]
[Site "Mesa USA"]
[Date "2010.06.08"]
[Round "7"]
[White "Ravichandran,S"]
[Black "Kiewra,K"]
[Result "1-0"]
[WhiteElo "2177"]
[BlackElo "2311"]
[EventDate "2010.06.04"]

1. d4 Nf6 2. Nf3 g6 3. Bf4 Bg7 4. e3 O-O 5. Be2 d6 6. h3 c5 7. c3 cxd4 8.
exd4 Be6 9. Nbd2 Qb6 10. Qc1 Rc8 11. O-O Nc6 12. Be3 Nd5 13. Nc4 Qc7 14.
Bh6 b5 15. Bxg7 Kxg7 16. Ne3 Rab8 17. Ng5 Nf4 18. Bf3 h6 19. Nxe6+ fxe6 20.
Qd1 Rf8 21. Kh2 g5 22. g3 Ng6 23. Be4 d5 24. Bxg6 Kxg6 25. Qg4 e5 26. Qe6+
Rf6 27. Qxd5 exd4 28. Qe4+ Kg7 29. Nd5 Qd7 30. Nxf6 exf6 31. cxd4 Re8 32.
Qd3 Nxd4 33. Rad1 Rd8 34. Qe4 f5 35. Qe5+ Kg6 36. Rd3 Kh5 37. Rfd1 Nf3+ 38.
Rxf3 Qxd1 39. g4+ Kg6 40. Qxf5+ Kg7 41. Qf7+ Kh8 42. Rf6 1-0

[Event "Copper State Int B"]
[Site "Mesa USA"]
[Date "2010.06.08"]
[Round "7"]
[White "Panchanathan,M"]
[Black "Yermolinsky,A"]
[Result "1-0"]
[WhiteElo "2549"]
[BlackElo "2528"]
[EventDate "2010.06.04"]

1. e4 c5 2. Nf3 d6 3. d4 cxd4 4. Nxd4 Nf6 5. Nc3 e6 6. g4 h6 7. h4 Be7 8.
Rg1 d5 9. Bb5+ Kf8 10. e5 Nfd7 11. Qe2 Bxh4 12. Bd2 Nc6 13. Nf3 Be7 14.
O-O-O g5 15. Rh1 Kg7 16. Rh5 f6 17. Bxc6 bxc6 18. Rdh1 Qc7 19. Qf1 Nxe5 20.
Nxe5 Qxe5 21. f4 Qd4 22. Qh3 1-0

[Event "Copper State Int B"]
[Site "Mesa USA"]
[Date "2010.06.08"]
[Round "7"]
[White "Adelberg,D"]
[Black "Sedlak,N"]
[Result "1/2-1/2"]
[WhiteElo "2186"]
[BlackElo "2567"]
[EventDate "2010.06.04"]

1. d4 Nf6 2. c4 g6 3. Nc3 Bg7 4. e4 d6 5. Nf3 O-O 6. Be2 e5 7. O-O c6 8.
Re1 Nbd7 9. Bf1 a5 10. Rb1 Re8 11. d5 Nc5 12. b3 Bd7 13. a3 cxd5 14. cxd5
Qb6 15. Nd2 Rec8 16. Nc4 Qc7 17. a4 Ne8 18. f3 f5 19. Qc2 Nf6 20. h3 f4 21.
b4 axb4 22. Rxb4 Nxa4 23. Nxa4 b5 24. Qf2 Rxa4 25. Rxa4 bxa4 26. Ba3 Bf8
27. Rb1 Rb8 28. Rxb8 Qxb8 29. Qb6 Qxb6+ 30. Nxb6 Kf7 31. Nxd7 Nxd7 32. Bb5
Nc5 33. Kf2 Kf6 34. Bxc5 1/2-1/2

[Event "Copper State Int B"]
[Site "Mesa USA"]
[Date "2010.06.08"]
[Round "7"]
[White "Troff,Kayden"]
[Black "Aldama Degurnay,D"]
[Result "1-0"]
[WhiteElo "2201"]
[BlackElo "2447"]
[EventDate "2010.06.04"]

1. d4 Nf6 2. c4 e6 3. Nf3 Bb4+ 4. Bd2 Qe7 5. g3 Ne4 6. a3 Bxd2+ 7. Nbxd2
Nxd2 8. Qxd2 a5 9. b3 O-O 10. Bg2 d6 11. O-O e5 12. e4 Bg4 13. Ne1 c5 14.
d5 a4 15. b4 cxb4 16. axb4 Rc8 17. Nc2 Rxc4 18. Ne3 Rd4 19. Qc3 Qd7 20. Nc2
Be2 21. Nxd4 exd4 22. Qxd4 Bxf1 23. Bxf1 Qc7 24. Bb5 a3 25. e5 dxe5 26. d6
Qd8 27. Qxe5 Nd7 28. Qe7 Nf8 29. Rxa3 Rc8 30. Rc3 Ne6 31. d7 1-0

[Event "Copper State Int B"]
[Site "Mesa USA"]
[Date "2010.06.08"]
[Round "7"]
[White "Altounian,L"]
[Black "Haskel,J"]
[Result "1-0"]
[WhiteElo "2454"]
[BlackElo "2241"]
[EventDate "2010.06.04"]

1. Nf3 c5 2. g3 Nc6 3. Bg2 g6 4. c3 Bg7 5. d4 cxd4 6. cxd4 Qb6 7. Nc3 d6 8.
O-O Nf6 9. d5 Na5 10. Be3 Qxb2 11. Bd4 Bd7 12. Rb1 Qa3 13. Ne1 Nc4 14. Rxb7
Qa6 15. Rb3 O-O 16. Qd3 Qc8 17. Nc2 Qc7 18. Rfb1 Na5 19. Ra3 Rfb8 20. Rb4
Rxb4 21. Nxb4 Nc4 22. Ra6 Na5 23. Nc6 Nxc6 24. dxc6 Bf5 25. Qc4 d5 26. Qc5
Qc8 27. Qa5 e6 28. Nb5 Ne8 29. Bxg7 Kxg7 30. c7 Qb7 31. h3 Rc8 32. g4 Nxc7
33. Qc3+ Kg8 34. Rc6 Qxb5 35. gxf5 Qb1+ 36. Bf1 Qb7 37. fxe6 fxe6 38. e4
Kf7 39. Ba6 Nxa6 40. Rxc8 Qb1+ 41. Kh2 Qxe4 42. Qh8 Qf4+ 43. Kg1 Qg5+ 44.
Kf1 Qh6 45. Qe8+ Kf6 46. Rc3 Qh5 47. Rf3+ Ke5 48. Re3+ Kf4 49. Qxe6 1-0

[Event "Copper State Int B"]
[Site "Mesa USA"]
[Date "2010.06.08"]
[Round "7"]
[White "Gurczak,J"]
[Black "Boskovic,D"]
[Result "1/2-1/2"]
[WhiteElo "2069"]
[BlackElo "2450"]
[EventDate "2010.06.04"]

1. d4 e6 2. c4 b6 3. Nf3 Bb7 4. g3 Bb4+ 5. Bd2 Bxf3 6. exf3 Bxd2+ 7. Qxd2
c6 8. d5 exd5 9. cxd5 cxd5 10. Qxd5 Nc6 11. Bc4 Qf6 12. O-O Nge7 13. Qd2
Qxf3 14. Nc3 O-O 15. Rfe1 Rad8 16. Re3 Qh5 17. Nd5 Nxd5 18. Bxd5 Qg6 19.
Rd1 Qf6 20. Rf3 Qe7 21. Re3 Qf6 22. Rf3 Qg6 23. Bxc6 Qxc6 24. Rc3 Qb7 25.
Qd5 Qa6 26. Ra3 Qe2 27. Rxa7 Qxb2 28. Qd2 Qf6 29. Rxd7 Rxd7 30. Qxd7 h5 31.
h4 Ra8 32. Qd5 Ra5 33. Qd8+ Qxd8 34. Rxd8+ Kh7 1/2-1/2

[Event "Copper State Int B"]
[Site "Mesa USA"]
[Date "2010.06.08"]
[Round "7"]
[White "Atoufi,P"]
[Black "Ristovic,N"]
[Result "0-1"]
[WhiteElo "2309"]
[BlackElo "2193"]
[EventDate "2010.06.04"]

1. e4 e6 2. Qe2 Be7 3. Nf3 d5 4. d3 Nc6 5. g3 dxe4 6. dxe4 e5 7. Bg2 Bg4 8.
c3 Nf6 9. h3 Bh5 10. O-O Qc8 11. b4 a6 12. a4 O-O 13. Bb2 Qe6 14. Nbd2 h6
15. g4 Bg6 16. Nh4 Bxe4 17. Nxe4 Nxe4 18. Nf5 Nd6 19. Ne3 e4 20. Rfd1 Bd8
21. c4 Nxb4 22. c5 Ne8 23. Rd4 Nd3 24. Rxe4 Qb3 25. Ra3 Qxb2 26. Qxd3 Qc1+
27. Nf1 Qxc5 28. Rc4 Qa7 29. Ng3 Bh4 30. Ne4 Rd8 31. Qc2 a5 32. Rb3 Be7 33.
Rxb7 Qa6 34. Rb5 Bb4 35. Rc6 Qa7 36. g5 Qd4 37. Bf1 f5 38. Nc5 Bxc5 39.
Rcxc5 Nd6 40. Rxa5 hxg5 41. Rxc7 Rf6 42. Qd3 Qb4 43. Raa7 Rg6 44. Qd5+ Kh7
45. Qe5 Rg8 46. Bd3 g4 47. h4 g3 48. fxg3 Qg4 49. Kh2 Qf3 50. Be2 Qf2+ 51.
Kh3 Ne4 52. g4 Qe3+ 0-1

[Event "Copper State Int B"]
[Site "Mesa USA"]
[Date "2010.06.08"]
[Round "7"]
[White "Chakraborty,Di"]
[Black "Mateer,Amanda"]
[Result "0-1"]
[WhiteElo "2135"]
[BlackElo "2072"]
[EventDate "2010.06.04"]

1. e4 c5 2. Nf3 e6 3. d4 cxd4 4. Nxd4 a6 5. Bd3 Bc5 6. Nb3 Be7 7. O-O d6 8.
Nc3 Nf6 9. Be3 Nbd7 10. f4 b5 11. a4 b4 12. Na2 a5 13. c3 Bb7 14. cxb4 axb4
15. Nxb4 d5 16. Nc2 dxe4 17. Bb5 O-O 18. Qe2 Nd5 19. Bd4 N7f6 20. a5 Rc8
21. g3 Nc7 22. Rfd1 Nxb5 23. Bxf6 Bd5 24. Bxe7 Qxe7 25. Qxb5 Rxc2 26. Nd4
Qa7 27. Qb6 Qxb6 28. axb6 Rxb2 29. Rab1 Rxb1 30. Rxb1 Rb8 31. Kf2 Kf8 32.
Ke3 Ke7 33. Ne2 Kd6 34. Nc3 f5 35. Kd4 Kc6 36. Ke5 Rxb6 37. Rc1 Kd7 38.
Nxd5 exd5 39. Kxd5 Rb5+ 40. Kd4 Kd6 41. Ra1 Rd5+ 42. Kc4 Rd2 43. Ra5 g6 44.
Ra6+ Ke7 45. Ra7+ Rd7 46. Ra6 Kf7 47. Ra2 Kg7 48. Re2 Kf6 49. Ra2 Rd6 50.
Kc5 Rd1 51. Kc4 h6 52. Rb2 g5 53. Rf2 Kg6 54. Kc3 gxf4 55. Rxf4 e3 0-1

[Event "Copper State Int B"]
[Site "Mesa USA"]
[Date "2010.06.08"]
[Round "8"]
[White "Ravichandran,S"]
[Black "Amanov,M"]
[Result "1/2-1/2"]
[WhiteElo "2177"]
[BlackElo "2479"]
[EventDate "2010.06.04"]

1. d4 d5 2. Bg5 h6 3. Bh4 c5 4. e3 cxd4 5. exd4 Qb6 6. b3 Nc6 7. Nf3 g5 8.
Bg3 g4 9. Ne5 Qxd4 10. Qxd4 Nxd4 11. c3 Nc6 12. Bb5 Bd7 13. Nxd7 Kxd7 14.
Nd2 Bg7 15. O-O-O Rd8 16. Nc4 Kc8 17. Ne3 Nf6 18. Nf5 Bf8 19. Bh4 Ne4 20.
c4 dxc4 21. Rxd8+ Kxd8 22. Bxc4 Rh7 23. Re1 Ng5 24. Ne3 Ne5 25. Be2 e6 26.
Nxg4 Nxg4 27. Bxg4 f5 28. Bh5 Kc7 29. f4 Ne4 30. Bf3 Bd6 31. g3 Nc5 32. Kc2
Be7 33. b4 Na6 34. Bxe7 Rxe7 35. Kc3 Nb8 36. Kd4 Kd6 37. Rc1 Nc6+ 38. Bxc6
bxc6 39. Rc5 Rb7 40. a3 Rb5 41. Kc4 Rxc5+ 42. bxc5+ Ke7 43. Kb4 e5 44. fxe5
Ke6 45. Ka5 Kxe5 46. Ka6 Kd5 47. Kxa7 Kxc5 48. a4 Kd4 49. Kb6 c5 50. a5 c4
51. a6 c3 52. a7 c2 53. a8=Q c1=Q 54. Qa4+ Ke5 55. Qe8+ Kf6 56. Qf8+ Kg5
57. Qe7+ Kg4 58. Qe2+ Kh3 59. Qh5+ Kg2 60. Qxf5 Kxh2 61. Qf4 Qb2+ 62. Kc5
Qc3+ 63. Kb5 Qd3+ 64. Kc5 Qc3+ 65. Kb5 Qb3+ 66. Kc5 Qe6 67. Kd4 Kh3 68. Kd3
Kg2 69. g4 Kh3 70. Qe3+ Qxe3+ 71. Kxe3 Kxg4 72. Kf2 1/2-1/2

[Event "Copper State Int B"]
[Site "Mesa USA"]
[Date "2010.06.08"]
[Round "8"]
[White "Holt,C"]
[Black "Kekelidze,M"]
[Result "0-1"]
[WhiteElo "2375"]
[BlackElo "2436"]
[EventDate "2010.06.04"]

1. d4 Nf6 2. c4 e6 3. Nc3 Bb4 4. Qc2 d5 5. cxd5 Qxd5 6. Nf3 Qf5 7. Qb3 Nc6
8. h3 O-O 9. Bd2 Rd8 10. g4 Qa5 11. g5 Nd5 12. Rd1 Nb6 13. a3 Bxc3 14. bxc3
Qf5 15. Nh4 Qe4 16. Ng2 e5 17. f3 Qg6 18. d5 Rxd5 19. h4 Na5 20. Qa2 Nac4
21. e4 Rxd2 22. Rxd2 Nxd2 23. Qxd2 Qd6 24. Qxd6 cxd6 25. Ne3 Be6 26. Rh2
Rc8 27. Rc2 d5 28. Bd3 Kf8 29. Kd2 Rc5 30. Rb2 g6 31. exd5 Nxd5 32. Rxb7
Nxe3 33. Kxe3 Rxc3 34. Kd2 Rxa3 35. Rb5 Ra2+ 36. Ke3 a5 37. Rxe5 a4 38. f4
a3 39. f5 gxf5 40. Bxf5 Ra1 0-1

[Event "Copper State Int B"]
[Site "Mesa USA"]
[Date "2010.06.08"]
[Round "8"]
[White "Adamson,R"]
[Black "Bercys,S"]
[Result "1/2-1/2"]
[WhiteElo "2328"]
[BlackElo "2427"]
[EventDate "2010.06.04"]

1. e4 c5 2. Nf3 e6 3. d4 cxd4 4. Nxd4 a6 5. Bd3 Bc5 6. Nb3 Ba7 7. Qg4 Nf6
8. Qg3 d6 9. Nc3 Nc6 10. Bg5 Ne5 11. Be2 Ng6 12. h4 h6 13. Bd2 h5 14. O-O-O
b5 15. a3 e5 16. Bg5 Be6 17. Rd2 Bxb3 18. cxb3 Bd4 19. Bxf6 Qxf6 20. Nd5
Qd8 21. Rc2 Kf8 22. Kb1 Ne7 23. Ne3 Rc8 24. Rhc1 Rxc2 25. Nxc2 1/2-1/2

[Event "Copper State Int B"]
[Site "Mesa USA"]
[Date "2010.06.08"]
[Round "8"]
[White "Kiewra,K"]
[Black "Panchanathan,M"]
[Result "1/2-1/2"]
[WhiteElo "2311"]
[BlackElo "2549"]
[EventDate "2010.06.04"]

1. e4 e5 2. Nf3 Nc6 3. Bb5 a6 4. Ba4 Nf6 5. d4 exd4 6. O-O Be7 7. Re1 b5 8.
Bb3 d6 9. Bd5 Nxd5 10. exd5 Ne5 11. Nxd4 Bg4 12. Qd2 O-O 13. a4 Bd7 14. Nc3
Bf6 15. axb5 axb5 16. Rxa8 Qxa8 17. Ndxb5 Nc4 18. Qd3 Bxb5 19. Nxb5 Qa5 20.
Nc3 Qb4 21. g3 Nxb2 22. Bxb2 Qxb2 23. Nb5 Be5 24. f4 Bf6 25. Kg2 Qa2 26.
Re2 Qa5 27. Qc4 Bd8 28. Qc6 g6 29. c4 Qa4 30. h4 Qd1 31. Re8 Qc2+ 32. Kf3
Qd1+ 33. Kg2 Qc2+ 34. Kf3 Bf6 35. Rxf8+ Kxf8 36. Qxc7 Qd3+ 37. Kf2 Qd2+ 38.
Kf3 Qd3+ 1/2-1/2

[Event "Copper State Int B"]
[Site "Mesa USA"]
[Date "2010.06.08"]
[Round "8"]
[White "Pruess,D"]
[Black "Troff,Kayden"]
[Result "1-0"]
[WhiteElo "2361"]
[BlackElo "2201"]
[EventDate "2010.06.04"]

1. e4 c5 2. Nf3 g6 3. d4 cxd4 4. Nxd4 Nc6 5. Nc3 Bg7 6. Be3 Nf6 7. Nxc6
bxc6 8. e5 Ng8 9. f4 Nh6 10. Qd2 d5 11. h3 f6 12. exf6 Bxf6 13. g4 Bh4+ 14.
Bf2 e5 15. O-O-O Bxf2 16. Qxf2 O-O 17. Qc5 Qb6 18. Na4 Qxc5 19. Nxc5 exf4
20. c4 Bxg4 21. hxg4 Nxg4 22. cxd5 Ne3 23. dxc6 Rf6 24. c7 Nxd1 25. Bc4+
Kg7 26. Ne6+ Rxe6 27. Bxe6 Ne3 28. c8=Q Rxc8+ 29. Bxc8 h5 30. Kd2 Nc4+ 31.
Kc3 Nd6 32. Bd7 Ne4+ 33. Kd4 Ng3 34. Re1 g5 35. b4 g4 36. b5 f3 37. Ke3 Ne2
38. a4 Nc3 39. a5 Nd5+ 40. Kf2 Kf6 41. Kg3 h4+ 42. Kxh4 Ne3 43. Kg3 Nc4 44.
a6 Ne5 45. Bxg4 1-0

[Event "Copper State Int B"]
[Site "Mesa USA"]
[Date "2010.06.08"]
[Round "8"]
[White "Sedlak,N"]
[Black "Marmont,Benjamin"]
[Result "1-0"]
[WhiteElo "2567"]
[BlackElo "2116"]
[EventDate "2010.06.04"]

1. e4 c5 2. Nf3 e6 3. b3 d6 4. Bb2 Nf6 5. e5 dxe5 6. Nxe5 Be7 7. Bd3 Nbd7
8. f4 O-O 9. O-O Nxe5 10. fxe5 Nd5 11. Na3 Bd7 12. Nc4 Bc6 13. Qh5 h6 14.
Rae1 b5 15. Nd6 Bxd6 16. exd6 Qg5 17. Qxg5 hxg5 18. Re5 Nf4 19. Rxc5 Nxd3
20. cxd3 Bd5 21. Rxb5 Rfd8 22. Ba3 a5 23. Bc5 a4 24. bxa4 Rxa4 25. a3 Rg4
26. Rf2 f5 27. Rb4 f4 28. Kf1 Kf7 29. d4 Ra8 30. Rb6 Ke8 31. d3 Kd7 32.
Rfb2 Rh4 33. Rb7+ Bxb7 34. Rxb7+ Kc6 35. Rc7+ Kd5 36. d7 Rxh2 37. Rc8 Rh8
38. Rxa8 Rxa8 39. Bb6 1-0

[Event "Copper State Int B"]
[Site "Mesa USA"]
[Date "2010.06.08"]
[Round "8"]
[White "Yermolinsky,A"]
[Black "Adelberg,D"]
[Result "1-0"]
[WhiteElo "2528"]
[BlackElo "2186"]
[EventDate "2010.06.04"]

1. c4 Nf6 2. d4 c6 3. Bf4 d5 4. e3 e6 5. Nc3 Nbd7 6. Nf3 Be7 7. Bd3 O-O 8.
cxd5 exd5 9. Qc2 Re8 10. h3 Nf8 11. O-O-O Ng6 12. Be5 Bd6 13. Bxd6 Qxd6 14.
Kb1 Qe7 15. g4 Bd7 16. Rhg1 Rac8 17. Bf5 b5 18. h4 c5 19. g5 Bxf5 20. Qxf5
Ne4 21. h5 Nxc3+ 22. bxc3 cxd4 23. Rxd4 Ne5 24. Nxe5 Qxe5 25. Qxe5 Rxe5 26.
Kc2 Kf8 27. a4 bxa4 28. Rxa4 h6 29. gxh6 gxh6 30. Rxa7 Rxh5 31. Kd3 Rf5 32.
f4 Rf6 33. Rb1 Rfc6 34. Rbb7 Rxc3+ 35. Kd4 R3c4+ 36. Kxd5 R8c5+ 37. Kd6
Rc6+ 38. Ke5 R6c5+ 39. Kf6 Rc6+ 40. Kf5 R4c5+ 41. Kg4 Rf6 42. Kf3 Rc3 43.
Rb8+ Kg7 44. Re8 Rc4 45. Raa8 Re6 46. Rg8+ Kf6 47. Rh8 Rce4 48. Rxh6+ Ke7
49. Ra7+ Kf8 50. Rxe6 Rxe6 51. e4 Rb6 52. Kg4 Rb1 53. Kg5 Rb6 54. f5 Rc6
55. e5 Rb6 56. f6 Kg8 57. Kh6 Rb8 58. e6 fxe6 59. Kg6 1-0

[Event "Copper State Int B"]
[Site "Mesa USA"]
[Date "2010.06.08"]
[Round "8"]
[White "Mateer,Amanda"]
[Black "Gurczak,J"]
[Result "1/2-1/2"]
[WhiteElo "2072"]
[BlackElo "2069"]
[EventDate "2010.06.04"]

1. d4 d5 2. c4 c6 3. Nf3 Nf6 4. Nc3 e6 5. Bg5 dxc4 6. a4 Bb4 7. e4 c5 8.
dxc5 Qa5 9. Bxf6 gxf6 10. Rc1 Bd7 11. Nd2 Na6 12. Nxc4 Qxc5 13. Be2 Bc6 14.
O-O Rd8 15. Qb3 Qe7 16. Ne3 Bxc3 17. Qxc3 Nb4 18. Ng4 e5 19. Nxf6+ Kf8 20.
Qf3 Rd6 21. Nh5 Rg8 22. Rfd1 Rxd1+ 23. Rxd1 Nc2 24. Qh3 Nd4 25. Qe3 Qg5 26.
Ng3 Qxe3 27. fxe3 Nxe2+ 28. Nxe2 Bxa4 29. Rd5 Rg6 30. Rxe5 Rb6 31. Nc3 Bc6
32. Ra5 Rxb2 33. Rxa7 Rb3 34. Nd5 f5 35. Nf6 Kg7 36. Nh5+ Kh6 37. Ng3 fxe4
38. Ra5 Kg6 39. Kf2 Rb2+ 40. Kg1 Rc2 41. Nf5 Kf6 42. Nd4 Rc1+ 43. Kf2 Bd7
1/2-1/2

[Event "Copper State Int B"]
[Site "Mesa USA"]
[Date "2010.06.08"]
[Round "8"]
[White "Haskel,J"]
[Black "Atoufi,P"]
[Result "1-0"]
[WhiteElo "2241"]
[BlackElo "2309"]
[EventDate "2010.06.04"]

1. e4 e5 2. Nc3 Nf6 3. f4 d5 4. fxe5 Nxe4 5. Nf3 Bc5 6. d4 Bb4 7. Bd2 c5 8.
Bd3 Nxd2 9. Qxd2 c4 10. Be2 O-O 11. O-O Nc6 12. a3 Be7 13. b3 Na5 14. bxc4
Nxc4 15. Bxc4 dxc4 16. d5 Bc5+ 17. Kh1 Qa5 18. Ng5 Qa6 19. d6 Be6 20. Rf4
h6 21. Nge4 Qb6 22. Re1 f5 23. Na4 fxe4 24. Nxb6 e3 25. Qd1 Bxb6 26. Ref1
Rxf4 27. Rxf4 Ba5 28. Qe2 Bd2 29. h3 Rc8 30. Rf3 b6 31. h4 Rc5 32. Rxe3
Bxe3 33. Qxe3 Rd5 34. Kh2 Rd1 35. h5 Rd5 36. Qe4 b5 37. Qg6 Bf7 38. Qf5 Kf8
39. Qc8+ Be8 40. Qe6 Bc6 41. d7 1-0

[Event "Copper State Int B"]
[Site "Mesa USA"]
[Date "2010.06.08"]
[Round "8"]
[White "Eng,Randel"]
[Black "Williams,JoR"]
[Result "0-1"]
[WhiteElo "1988"]
[BlackElo "2105"]
[EventDate "2010.06.04"]

1. e4 c5 2. Nf3 Nc6 3. d4 cxd4 4. Nxd4 g6 5. Nc3 Bg7 6. Be3 Nf6 7. Bc4 O-O
8. Bb3 d6 9. f3 Bd7 10. Qd2 Na5 11. O-O-O Rb8 12. h4 b5 13. h5 Nc4 14. Bxc4
bxc4 15. Bh6 Qa5 16. Bxg7 Kxg7 17. hxg6 fxg6 18. Qh6+ Kg8 19. Nd5 Rf7 20.
Nxf6+ exf6 21. Kb1 g5 22. f4 Qb4 23. b3 c3 24. Ka1 Qa3 25. Rb1 Rb6 26. Ne2
0-1

[Event "Copper State Int B"]
[Site "Mesa USA"]
[Date "2010.06.09"]
[Round "9"]
[White "Pruess,D"]
[Black "Fridman,D2"]
[Result "1-0"]
[WhiteElo "2361"]
[BlackElo "2654"]
[EventDate "2010.06.04"]

1. e4 c6 2. d4 d5 3. f3 dxe4 4. fxe4 e5 5. Nf3 Bg4 6. Bc4 Nd7 7. O-O Ngf6
8. Bg5 Bxf3 9. Qxf3 Qb6 10. Nd2 Qxd4+ 11. Kh1 b5 12. Bb3 Be7 13. Rad1 Qb6
14. Qf5 Rd8 15. Nf3 g6 16. Nxe5 Rf8 17. Qf4 Nxe5 18. Qxe5 Rxd1 19. Rxd1 Ng8
20. Bxe7 Nxe7 21. Qd6 Rg8 22. Qd7+ Kf8 23. Bxf7 Kxf7 24. Rf1+ Kg7 25. Qxe7+
Kh6 26. Rf3 1-0

[Event "Copper State Int B"]
[Site "Mesa USA"]
[Date "2010.06.09"]
[Round "9"]
[White "Kekelidze,M"]
[Black "Ravichandran,S"]
[Result "1/2-1/2"]
[WhiteElo "2436"]
[BlackElo "2177"]
[EventDate "2010.06.04"]

1. d4 d5 2. c4 c6 3. Nc3 Nf6 4. Nf3 e6 5. Bg5 h6 6. Bxf6 Qxf6 7. e3 Nd7 8.
Bd3 dxc4 9. Bxc4 g6 10. O-O Bg7 11. e4 e5 12. d5 Nb6 13. Bb3 Bg4 14. dxc6
bxc6 15. Qe2 O-O 16. Na4 Rfd8 17. Rac1 Rd4 18. Nxb6 axb6 19. h3 Bxf3 20.
Qxf3 Qxf3 21. gxf3 c5 22. Bd5 Raa4 23. Rc3 Bf6 24. Bb3 Ra7 25. Kg2 Bg5 26.
Rc2 Kg7 27. Rb1 h5 28. Bd5 Be7 29. a3 Bd6 30. Re1 Kh6 31. Re3 Be7 32. Rb3
Bd8 33. Rb5 Kg5 34. Rc3 Kf4 35. b4 cxb4 36. Rxb4 Rxa3 37. Rxa3 Rxb4 38.
Bxf7 Rb2 39. Ra2 Rxa2 40. Bxa2 b5 41. Bf7 Kg5 42. Kf1 Bb6 43. Ke2 b4 44.
Be6 Kh4 45. Kf1 Bd4 46. Kg2 Kg5 47. Kf1 Kf4 48. Ke2 g5 49. Bd5 Bc5 50. Bf7
g4 51. fxg4 h4 52. Bd5 Be7 53. g5 Bxg5 54. Kd3 1/2-1/2

[Event "Copper State Int B"]
[Site "Mesa USA"]
[Date "2010.06.09"]
[Round "9"]
[White "Kacheishvili,G"]
[Black "Adamson,R"]
[Result "1-0"]
[WhiteElo "2587"]
[BlackElo "2328"]
[EventDate "2010.06.04"]

1. d4 Nf6 2. c4 c5 3. Nf3 cxd4 4. Nxd4 e6 5. Nc3 a6 6. e4 Qc7 7. a3 d6 8.
Be2 Be7 9. O-O O-O 10. Be3 Nbd7 11. Rc1 b6 12. Qd2 Bb7 13. f3 Rac8 14. b4
Qb8 15. Rc2 Rfe8 16. Rd1 Bd8 17. Kh1 Bc7 18. Bg1 Ne5 19. Bf1 Rcd8 20. Qc1
Ng6 21. Na4 d5 22. exd5 exd5 23. c5 Bf4 24. Qa1 b5 25. Nb2 Bc7 26. Nd3 Ne5
27. Nxe5 Rxe5 28. Re1 h5 29. Rxe5 Bxe5 30. c6 Rc8 31. Qc1 Ba8 32. a4 Qd6
33. axb5 axb5 34. Nf5 Qe6 35. Nxg7 Kxg7 36. Qg5+ Kh8 37. Re2 Rg8 38. Qh6+
Nh7 39. Qxe6 fxe6 40. Rxe5 Bxc6 41. Bd4 1-0

[Event "Copper State Int B"]
[Site "Mesa USA"]
[Date "2010.06.09"]
[Round "9"]
[White "Amanov,M"]
[Black "Sedlak,N"]
[Result "1/2-1/2"]
[WhiteElo "2479"]
[BlackElo "2567"]
[EventDate "2010.06.04"]

1. d4 d6 2. g3 g6 3. Bg2 Bg7 4. Nf3 Nf6 5. O-O O-O 6. c4 c6 7. Nc3 Qb6 8.
b3 e5 9. Bb2 e4 10. Ne1 d5 11. Na4 Qd8 12. Nc2 h5 13. h4 Re8 14. Bc1 Nbd7
15. Bf4 Nf8 16. Be5 Bh6 17. f3 exf3 18. exf3 N6h7 19. c5 Bf5 20. f4 Qd7 21.
Kh2 f6 22. Bd6 Bxc2 23. Qxc2 f5 24. Be5 Bg7 25. Nb2 Ne6 26. Rad1 1/2-1/2

[Event "Copper State Int B"]
[Site "Mesa USA"]
[Date "2010.06.09"]
[Round "9"]
[White "Bercys,S"]
[Black "Kiewra,K"]
[Result "0-1"]
[WhiteElo "2427"]
[BlackElo "2311"]
[EventDate "2010.06.04"]

1. c4 Nf6 2. Nc3 g6 3. e4 d6 4. g3 Bg7 5. Bg2 O-O 6. Nge2 c5 7. O-O Nc6 8.
a3 a5 9. d3 Ne8 10. f4 Bg4 11. h3 Bxe2 12. Nxe2 Nc7 13. Rb1 Ne6 14. Kh2
Ned4 15. Nc3 Rb8 16. Be3 b5 17. cxb5 Nxb5 18. e5 Nbd4 19. Qa4 Rc8 20. exd6
exd6 21. f5 Be5 22. Kh1 Ne7 23. fxg6 hxg6 24. g4 d5 25. Bh6 Bb8 26. Rbe1
Rc6 27. Ne2 Ne6 28. Be3 Rb6 29. Qc2 d4 30. Bg1 Nd5 31. Nc1 Qd6 32. Be4 Ne3
33. Bxe3 dxe3 34. Rxe3 Qd4 35. Qf2 Rxb2 36. Re2 Rxe2 37. Nxe2 Qe5 38. h4 f5
39. gxf5 gxf5 40. Bf3 Kh8 41. Rg1 Bd6 42. Rg6 Kh7 43. Rg1 Rf7 44. Be4 c4
45. Rf1 Ng7 46. Bf3 cxd3 47. Ng1 Bxa3 48. Nh3 Rd7 49. Ng5+ Kh8 50. Bc6 Re7
51. Qa2 Bd6 0-1

[Event "Copper State Int B"]
[Site "Mesa USA"]
[Date "2010.06.09"]
[Round "9"]
[White "Troff,Kayden"]
[Black "Ristovic,N"]
[Result "0-1"]
[WhiteElo "2201"]
[BlackElo "2193"]
[EventDate "2010.06.04"]

1. d4 d5 2. Nf3 c6 3. Bg5 h6 4. Bh4 Bf5 5. e3 Qb6 6. Qc1 Nd7 7. Nbd2 Ngf6
8. c4 e6 9. c5 Qd8 10. b4 Be7 11. Be2 O-O 12. O-O Ne4 13. Nxe4 Bxe4 14. Bg3
Bxf3 15. Bxf3 Bf6 16. Bg4 Re8 17. f4 Be7 18. Be1 b6 19. Bc3 a5 20. a3 Qb8
21. Rb1 axb4 22. axb4 b5 23. Ra1 Qb7 24. f5 Rxa1 25. Qxa1 exf5 26. Bxf5 Bg5
27. Bd2 Bxe3+ 28. Bxe3 Rxe3 29. Re1 Rxe1+ 30. Qxe1 Nf8 31. h4 g6 32. Bh3
Qb8 33. Qe5 Qxe5 34. dxe5 f5 35. exf6 Kf7 36. Bc8 Ne6 37. Kf2 Kxf6 38. Ke3
Ke7 39. g3 Nf8 40. Kf4 Nd7 41. Bb7 Nb8 42. Bc8 Kd8 43. Be6 Na6 44. Bf7 Nxb4
45. Bxg6 Na6 46. Ke5 Ke7 47. Kd4 Nc7 48. Kc3 Kf6 49. Bh5 Ke5 50. g4 d4+ 51.
Kd3 Ne6 52. Bf7 Nxc5+ 53. Ke2 Ne6 54. Kd3 c5 55. Kd2 c4 56. Kc2 b4 57. g5
hxg5 58. hxg5 d3+ 59. Kd2 Nc5 60. Bxc4 Kd4 61. Bb5 Ne4+ 62. Kc1 Kc3 63. Kb1
Nxg5 64. Ka2 d2 65. Ba4 Ne6 66. Bd1 Nc5 67. Kb1 Ne4 0-1

[Event "Copper State Int B"]
[Site "Mesa USA"]
[Date "2010.06.09"]
[Round "9"]
[White "Mateer,Amanda"]
[Black "Haskel,J"]
[Result "1-0"]
[WhiteElo "2072"]
[BlackElo "2241"]
[EventDate "2010.06.04"]

1. d4 d5 2. c4 dxc4 3. Nf3 Nf6 4. e3 Bg4 5. Bxc4 e6 6. Nbd2 a6 7. h3 Bh5 8.
a4 Nc6 9. O-O Bd6 10. Be2 Bg6 11. Nh4 Qe7 12. Nxg6 hxg6 13. Nc4 O-O-O 14.
Bd2 g5 15. Bf3 Qe8 16. Re1 Rh4 17. b4 g4 18. hxg4 Qh8 19. g3 Rh2 20. Nxd6+
Rxd6 21. Bg2 Qh7 22. b5 axb5 23. axb5 Nb8 24. Ra8 Rd8 25. Qf3 Rd5 26. b6
Rxg2+ 27. Kxg2 Qc2 28. Rc1 1-0

[Event "Copper State Int B"]
[Site "Mesa USA"]
[Date "2010.06.09"]
[Round "9"]
[White "Adelberg,D"]
[Black "Marmont,Benjamin"]
[Result "1-0"]
[WhiteElo "2186"]
[BlackElo "2116"]
[EventDate "2010.06.04"]

1. d4 Nf6 2. c4 e6 3. Nf3 b6 4. g3 Ba6 5. b3 b5 6. cxb5 Bxb5 7. Nc3 Ba6 8.
Bg2 d5 9. O-O Nbd7 10. Bb2 c5 11. Rc1 Rc8 12. Na4 c4 13. Nd2 Bb4 14. bxc4
Qa5 15. Bc3 Bxc4 16. Bxb4 Qxb4 17. Nxc4 Rxc4 18. Rxc4 Qxc4 19. Qc1 Qxc1 20.
Rxc1 Ke7 21. e3 Rb8 22. Bf1 Kd6 23. Bd3 Ne4 24. Nc3 Nxc3 25. Rxc3 Rb2 26.
Ra3 Rb7 27. Kf1 h6 28. Ke2 Nf6 29. f3 Ng8 30. Ra6+ Kc7 31. Kd2 Ne7 32. Kc3
Nc6 33. a3 Rb8 34. h4 g5 35. h5 Rb7 36. Bc2 Nb8 37. Ra5 Kb6 38. Rc5 Na6 39.
Rc8 Rc7+ 40. Rxc7 Nxc7 41. g4 Nb5+ 42. Kb3 Nd6 43. Bh7 Nc4 44. Bg8 Nd6 45.
f4 f6 46. fxg5 fxg5 47. Bxe6 Kc6 48. Kb4 a6 49. a4 Ne4 50. Ka5 Nc3 51. Bf5
Nd1 52. e4 Ne3 53. Kxa6 Kc7 54. Kb5 dxe4 55. Bxe4 Nxg4 56. a5 Nf6 57. Bc6
Kb8 58. Kb6 1-0

[Event "Copper State Int B"]
[Site "Mesa USA"]
[Date "2010.06.09"]
[Round "9"]
[White "Chakraborty,Di"]
[Black "Gurczak,J"]
[Result "0-1"]
[WhiteElo "2135"]
[BlackElo "2069"]
[EventDate "2010.06.04"]

1. e4 c5 2. Nf3 d6 3. d4 cxd4 4. Nxd4 Nf6 5. Nc3 a6 6. h3 e6 7. g4 h6 8.
Bg2 Bd7 9. O-O Nc6 10. Be3 Qc7 11. a4 Be7 12. Qe2 Rc8 13. Rad1 Na5 14. Bc1
Qc5 15. Rd3 Nc4 16. Rfd1 Nh7 17. Be3 Qc7 18. Bc1 Qb6 19. Nb3 Nf8 20. Kh1
Qb4 21. f4 Bxa4 22. Nd4 Bd7 23. b3 Na5 24. Bd2 Qb6 25. e5 dxe5 26. fxe5 Ng6
27. Nd5 exd5 28. Bxd5 Bc6 29. Nxc6 Nxc6 30. Bc3 Nf4 31. Qf3 Nxd5 32. e6 f6
33. Rxd5 Rd8 34. Qf5 O-O 35. Rd7 Rxd7 36. exd7 Ne5 37. g5 Qc6+ 38. Kh2 hxg5
0-1

[Event "Copper State Int B"]
[Site "Mesa USA"]
[Date "2010.06.09"]
[Round "9"]
[White "Williams,JoR"]
[Black "Thompson,Bu"]
[Result "1-0"]
[WhiteElo "2105"]
[BlackElo "1898"]
[EventDate "2010.06.04"]

1. e4 e6 2. d4 d5 3. Nc3 Bb4 4. e5 b6 5. Bd2 Ne7 6. f4 Ba6 7. Bxa6 Nxa6 8.
Nf3 c5 9. Nb5 Nf5 10. c3 Ba5 11. g4 Nh4 12. Nd6+ Kf8 13. O-O Nxf3+ 14. Qxf3
cxd4 15. f5 Qd7 16. f6 g5 17. Bxg5 Nc5 18. Bh6+ Kg8 19. Qf4 Ne4 20. Nxe4
1-0